Which US City is Largest? Sudden Death - Statistics

General Stats
  • This quiz has been taken 431 times
  • The average score is 4 of 10
Answers on the Grid
Answers color-coded by a green-red scale on the quiz's grid according to % correct below.
Boston
Jacksonville
Nashville
Indianapolis
Tucson
Fresno
Denver
Atlanta
Omaha
Seattle
El Paso
San Antonio
Oklahoma City
Phoenix
Baltimore
Dallas
Houston
San Diego
Chicago
Fort Worth
San Jose
Philadelphia
Charlotte
Miami
Albuquerque
Tulsa
San Francisco
Chattanooga
Milwaukee
Oceanside
 
Answer Stats
Answer % Correct
Jacksonville
83%
Indianapolis
57%
Chicago
40%
Phoenix
40%
Houston
38%
San Antonio
36%
Denver
34%
Philadelphia
34%
San Francisco
33%
Milwaukee
31%
No matching quizzes found
Score Distribution
Percent of People with Each Score
Percentile by Number Answered
Your Score History
You have not taken this quiz